| 000 | 01322cam a2200217 4500500 | ||
|---|---|---|---|
| 005 | 20260222002605.0 | ||
| 041 | _afre | ||
| 042 | _adc | ||
| 100 | 1 | 0 |
_aSève, Margot _eauthor |
| 245 | 0 | 0 | _aL’I.A. dans la compliance et les enquêtes |
| 260 | _c2026. | ||
| 500 | _a4 | ||
| 520 | _aAprès avoir rappelé les principes du droit de la compliance, cet article traite des différents usages et apports de l’intelligence artificielle dans les programmes de conformité et les enquêtes des entreprises et conclut sur les limites intrinsèques de l’usage de l’I.A. en droit, notamment dans l’exercice de l’activité d’avocat. | ||
| 520 | _aAfter reviewing the principles of compliance law, this presentation discusses the various uses and contributions of artificial intelligence in corporate compliance programs and investigations. It concludes by examining the intrinsic limitations of using AI in law, particularly in the practice of law. | ||
| 690 | _aCompliance | ||
| 690 | _aDepartment of Justice | ||
| 690 | _aEnquêtes internes | ||
| 690 | _aParquet national financier | ||
| 786 | 0 | _nArchives de philosophie du droit | 66 | 1 | 2026-01-22 | p. 225-232 | 0066-6564 | |
| 856 | 4 | 1 | _uhttps://droit.cairn.info/revue-archives-de-philosophie-du-droit-2026-1-page-225?lang=fr&redirect-ssocas=7080 |
| 999 |
_c1665244 _d1665244 |
||